Countries With the Most English Speakers - Statistics

General Stats
  • This quiz has been taken 133,073 times
    92,911 since last reset
  • The average score is 8 of 10
Answer Stats
# Speakers % Country % Correct
267 m 78.1 United States
100%
64.2 m 91.5 United Kingdom
99%
21.9 m 54.4 Canada
95%
19.5 m 72.0 Australia
93%
3.98 m 75.5 New Zealand
86%
4.53 m 85.2 Ireland
85%
5.67 m 8.73 South Africa
76%
23.2 m 9.7 Nigeria
57%
2.77 m 97.7 Jamaica
45%
2.84 m 48.3 Singapore
38%
No matching quizzes found
Score Distribution
Percent of People with Each Score
Percentile by Number Answered
Your Score History
You have not taken this quiz since the last reset